Equipo de España para la Eurocopa 2016 - Estadísticas

Estadísticas generales
  • Esta prueba ha sido intentada 1.126 veces
  • La puntuación promedio es 11 de 24
Estadísticas de respuestas
Posición Jugador % Correcto
Defensa Gerard Piqué
93%
Centrocampista Andrés Iniesta
91%
Portero Iker Casillas
91%
Defensa Sergio Ramos
83%
Portero David de Gea
81%
Centrocampista Sergio Busquets
80%
Defensa Jordi Alba
78%
Gerente Vicente del Bosque
75%
Delantero Álvaro Morata
72%
Centrocampista David Silva
59%
Centrocampista Koke
48%
Centrocampista Cesc Fàbregas
42%
Defensa César Azpilicueta
33%
Defensa Juanfran
32%
Delantero Aritz Aduriz
24%
Delantero Lucas Vázquez
24%
Delantero Nolito
24%
Centrocampista Thiago Alcántara
21%
Defensa Marc Bartra
18%
Centrocampista Pedro Rodríguez
17%
Portero Sergio Rico
16%
Defensa Héctor Bellerín
14%
Defensa Mikel San José
14%
Centrocampista Bruno Soriano
8%
No se encontraron pruebas coincidentes
Distribución de puntuación
Porcentaje de gente con cada puntuación
Porcentaje por número respondido
Historial de tus puntuaciones
No has intentado esta prueba.